Small pig / (Record no. 3403)

MARC details
000 -LEADER
fixed length control field 00836cam a2200253 4500
005 - DATE AND TIME OF LATEST TRANSACTION
control field 20240801104730.0
020 ## - INTERNATIONAL STANDARD BOOK NUMBER
International Standard Book Number 059008393
040 ## - CATALOGING SOURCE
Original cataloging agency DLC
Transcribing agency DLC
Modifying agency DLC
Language of cataloging eng
050 00 - LIBRARY OF CONGRESS CALL NUMBER
Classification number PZ10.L787
082 00 - DEWEY DECIMAL CLASSIFICATION NUMBER
Classification number 759.9492
100 1# - MAIN ENTRY--PERSONAL NAME
Personal name Lobel, Arnold
245 10 - TITLE STATEMENT
Title Small pig /
Statement of responsibility, etc. Story and pictures by Arnold Lobel
260 ## - PUBLICATION, DISTRIBUTION, ETC.
Place of publication, distribution, etc. New York :
Name of publisher, distributor, etc. Scholastic ,
Date of publication, distribution, etc. 1969
300 ## - PHYSICAL DESCRIPTION
Extent 63 pages :
Other physical details color illustrations ;
Dimensions 23 cm.
490 0# - SERIES STATEMENT
Series statement An I can read book
505 ## - FORMATTED CONTENTS NOTE
Formatted contents note H <br/>
520 ## - SUMMARY, ETC.
Summary, etc. Because the farmer's wife insists on cleaning his mud puddle, a little pig runs away to the city where he becomes permanently stuck in what he thought was a mud puddle.
521 ## - TARGET AUDIENCE NOTE
Target audience note 440 <br/>
Source Lexile <br/>
521 ## - TARGET AUDIENCE NOTE
Target audience note H <br/>
Source Raz-Plus <br/>
650 #1 - SUBJECT ADDED ENTRY--TOPICAL TERM
Topical term or geographic name entry element Pigs
General subdivision Fiction
906 ## - LOCAL DATA ELEMENT F, LDF (RLIN)
a 7
b cbc
c orignew
d u
e ncip
f 19
g y-gencatlg
942 ## - ADDED ENTRY ELEMENTS (KOHA)
Source of classification or shelving scheme Dewey Decimal Classification
Koha item type Books
Suppress in OPAC No
999 ## -
-- 3403
-- 3403
Holdings
Withdrawn status Lost status Source of classification or shelving scheme Damaged status Not for loan Collection Home library Current library Shelving location Date acquired Total Checkouts Full call number Barcode Date last seen Copy number Price effective from Koha item type Date last checked out
    Dewey Decimal Classification     Juvenile Fiction Footprints International School Library Network Toul Kork Campus Footprints International School Library Network Toul Kork Campus   03/01/2024   LOB 759.9492 PZ10.L787 FIS01604 03/01/2024 1 03/01/2024 Books  
    Dewey Decimal Classification     Juvenile Fiction Footprints International School Library Network Toul Kork Campus Footprints International School Library Network Toul Kork Campus   03/01/2024   LOB 759.9492 PZ10.L787 FISTK01715 03/07/2024 2 03/01/2024 Books  
Withdrawn Lost and Paid For Dewey Decimal Classification     Juvenile Fiction Footprints International School Library Network Toul Kork Campus Footprints International School Library Network Toul Kork Campus TK Primary Library Room(4th Floor), Bookcase 1&2, Shelves 1-16, Dark Blue Books 08/01/2024 2 LOB 759.9492 PZ10.L787 FISBK02923 10/28/2025 3 08/01/2024 Books 09/04/2024